Normal view
MARC view
- CONSOLIDATION AND MERGER OF CORPORATIONS, INTELLECTUAL PROPERTY
Entry Topical Term
001 - CONTROL NUMBER
- control field: 68897
003 - CONTROL NUMBER IDENTIFIER
- control field: NUST
005 - DATE AND TIME OF LATEST TRANSACTION
- control field: 20210628204134.0
008 - FIXED-LENGTH DATA ELEMENTS
- fixed length control field: 210628|| aca||aabn | a|a d
040 ## - CATALOGING SOURCE
- Original cataloging agency: NUST
- Transcribing agency: NUST
150 ## - HEADING--TOPICAL TERM
- Topical term or geographic name entry element: CONSOLIDATION AND MERGER OF CORPORATIONS, INTELLECTUAL PROPERTY
670 ## - SOURCE DATA FOUND
- Source citation: Work cat.: (NUST): Bryer, Lanning,Simensky, Melvin 68896, Intellectual property assets in mergers and acquisitions, 2002
